000 00357 a2200109 4500
001 ART_40872
005 20260410161605.0
008 260409a
245 1 0 _aPresupuestación de las inversiones en contextos inflacionarios
100 1 _aAlonso, Juan Carlos
773 0 _tProfesional & Empresaria
_g- Año XVII, Nº 207 (dic. 2016)
_wREV70
999 _c10118
_d10118